Κατάλογος Βιβλιοθηκών Mediterranean College

Οργανωτική Συμπεριφορά (Record no. 848)

MARC details
000 -LEADER
fixed length control field 03576cam a22002054a 4500
005 - ΗΜΕΡΟΜΗΝΙΑ ΚΑΙ ΩΡΑ ΤΕΛΕΥΤΑΙΑΣ ΕΝΗΜΕΡΩΣΗΣ
Πεδίο ελέγχου 20250605163947.0
008 - FIXED-LENGTH DATA ELEMENTS--GENERAL INFORMATION
Πεδίο ελέγχου σταθερού μήκους 250528s ||||||||||||||||||||||||d
035 ## - SYSTEM CONTROL NUMBER
System control number 15255
020 ## - ISBN
ISBN 9603514349
040 ## - ΠΗΓΗ ΚΑΤΑΛΟΓΟΓΡΑΦΗΣΗΣ
Φορέας πρωτότυπης καταλογογράφησης MC Athens Campus Library
Γλώσσα καταλογογράφησης Ελληνικά, Μοντέρνα (1453-)
Modifying agency MC Athens Campus Library
Κανόνες περιγραφικής καταλογογράφησης AACR2
245 1# - ΤΙΤΛΟΣ ΚΑΙ ΔΗΛΩΣΗ ΥΠΕΥΘΥΝΟΤΗΤΑΣ
Τίτλος Οργανωτική Συμπεριφορά
260 ## - PUBLICATION, DISTRIBUTION, ETC.
Name of publisher, distributor, etc. Σταμούλης Α,
Date of publication, distribution, etc. 2002
300 ## - PHYSICAL DESCRIPTION
Extent 496
505 0# - FORMATTED CONTENTS NOTE
Formatted contents note Εισαγωγή στην Οργανωτική Συμπεριφορά, Σύγχρονες Προκλήσεις στους Οργανισμούς, Οι Ηθικοί Κανόνες των Επιχειρήσεων, Αντίληψη και Απόδοση Αιτιών Συμπεριφοράς και Μάθηση (Perception, Attributin, Learning), Αξίες και Στάσεις και Προσωπικότητα, Παρακίνηση (Motivation), Αγχος (Stress), Αξιολόγηση της Απόδοσης ή Επίδοσης του Προσωπικού, Εκπαίδευση και Σχεδιασμός Εκπαιδευτικού Προγράμματος, Σχηματισμός Ομάδων και Ομαδική Εργασία, Επίλυση Προβλημάτων, Ηγεσία (Leadership), Επικοινωνία, Εφαρμογές της Επικοινωνίας, Ισχύς και Εξουσία και Πολιτική, Αντιθέσεις και Συγκρούσεις, Το Κλίμα του Οργανισμού, Οργανωτική Κουλτούρα (Organizational Culture), Μάνατζμεντ Αλλαγών και Οργανωτική Ανάπτυξη, Οργανισμοί Μάθησης (Organizational Learning), Παγκόσμια Οικονομία και Διεθνές Μάνατζμεντ, Αναδιοργάνωση Επιχειρήσεων (Business Process Re-engineering BPR), Πειθαρχικές Ποινές, Θεωρία του Χάους, Επιλεγμένη Βιβλιογραφία.
520 ## - SUMMARY, ETC.
Summary, etc. Εισαγωγή στην Οργανωτική Συμπεριφορά, Σύγχρονες Προκλήσεις στους Οργανισμούς, Οι Ηθικοί Κανόνες των Επιχειρήσεων, Αντίληψη και Απόδοση Αιτιών Συμπεριφοράς και Μάθηση (Perception, Attributin, Learning), Αξίες και Στάσεις και Προσωπικότητα, Παρακίνηση (Motivation), Αγχος (Stress), Αξιολόγηση της Απόδοσης ή Επίδοσης του Προσωπικού, Εκπαίδευση και Σχεδιασμός Εκπαιδευτικού Προγράμματος, Σχηματισμός Ομάδων και Ομαδική Εργασία, Επίλυση Προβλημάτων, Ηγεσία (Leadership), Επικοινωνία, Εφαρμογές της Επικοινωνίας, Ισχύς και Εξουσία και Πολιτική, Αντιθέσεις και Συγκρούσεις, Το Κλίμα του Οργανισμού, Οργανωτική Κουλτούρα (Organizational Culture), Μάνατζμεντ Αλλαγών και Οργανωτική Ανάπτυξη, Οργανισμοί Μάθησης (Organizational Learning), Παγκόσμια Οικονομία και Διεθνές Μάνατζμεντ, Αναδιοργάνωση Επιχειρήσεων (Business Process Re-engineering BPR), Πειθαρχικές Ποινές, Θεωρία του Χάους, Επιλεγμένη Βιβλιογραφία.
700 1# - ΠΡΟΣΘΕΤΗ ΑΝΑΓΡΑΦΗ--ΦΥΣΙΚΟ ΠΡΟΣΩΠΟ
Personal name Ζαβλανός Μύρων Μ
9 (RLIN) 1038
942 ## - ADDED ENTRY ELEMENTS (KOHA)
Koha item type Books
Holdings
Τύπος τεκμηρίου Βιβλιοθήκη Τρέχουσα τοποθεσία Barcode Αριθμός εισαγωγής Ημερομηνία απόκτησης Ταξιθετικό σύμβολο Αριθμός αντιτύπου Κατάσταση απόσυρσης Κατάσταση χαμένου Κατάσταση κατεστραμμένου Μη δανεισμός Σύνολο δανεισμών Σύνολο ανανεώσεων Ημερομηνία τελευταίας εμφάνισης Χρονολογία τελευταίου δανεισμού Η τιμή ισχύει από
Books MC Athens Campus Library MC Athens Campus Library 9780000008473 1497 05/06/2025 658.4 ZAV 1         1 2 04/12/2025 13/11/2025 05/06/2025

MC Athens Campus Library
Πατησίων 94 & Κοδριγκτώνος 13, 104 34
Πελλήνης 8 & Πατησίων 107, 112 51
Τ: +30 210 8899600

MC Thessaloniki Campus Library
Ίωνος Δραγούμη 21, 54625 | Ίωνος Δραγούμη 15, 54625
Τ: +30 2310 287779 – Τ: +30 2314 440300